[Event "Steinfurt Bezirksliga 1213"]
[Site "Germany"]
[Date "2013.05.04"]
[Round "9.6"]
[White "Gildehaus, Simon"]
[Black "Horstmann, Michael"]
[Result "1-0"]
[WhiteElo "1619"]
[BlackElo "1671"]
[PlyCount "112"]
[EventDate "2012.09.22"]
[EventType "team-tourn"]
[EventRounds "9"]
[EventCountry "GER"]
[SourceTitle "EXT 2015"]
[Source "ChessBase"]
[SourceDate "2014.11.20"]
[SourceVersion "1"]
[SourceVersionDate "2014.11.20"]
[SourceQuality "1"]
[WhiteTeam "Saerbeck II"]
[BlackTeam "Emsdetten Rochade II"]
[WhiteTeamCountry "GER"]
[BlackTeamCountry "GER"]

1. e4 d5 2. e5 Bf5 3. d4 e6 4. Bd3 Bg6 5. Nf3 c5 6. c3 Nc6 7. 0-0 Qb6 8. Bxg6 hxg6 9. b3 Nh6 10. Bb2 Nf5 11. dxc5 Bxc5 12. Nbd2 Be7 13. c4 0-0-0 14. Qe2 Kb8 15. Rfd1 Ncd4 16. Nxd4 Nxd4 17. Bxd4 Qxd4 18. Nf3 Qf4 19. cxd5 Rxd5 20. Rxd5 exd5 21. Rd1 Rd8 22. Rd4 Qf5 23. Qd1 Bc5 24. Rd3 g5 25. h3 Qf4 26. Rxd5 Rxd5 27. Qxd5 Qc1+ 28. Kh2 a6 29. Qd8+ Ka7 30. Qxg5 Qc2 31. Qd2 Qf5 32. Qe2 Bb6 33. g3 Bc7 34. Kg2 Qe6 35. Qe3+ Ka8 36. Qc5 Bb8 37. Qf8 g6 38. Qg7 Qd5 39. Qf6 Bc7 40. h4 Ka7 41. g4 Bb6 42. h5 gxh5 43. gxh5 Qc5 44. Ng5 Qd5+ 45. Kg3 Qd1 46. Qf3 Qd8 47. Nxf7 Qg8+ 48. Kh4 Bc5 49. h6 Qg6 50. Qf6 Qg2 51. e6 Bxf2+ 52. Kh5 Qh3+ 53. Kg6 Qg4+ 54. Ng5 Bd4 55. Qf5 Qg3 56. e7 Qc7 1-0

[Event "Muensterland Verbandsklasse-A 0708"]
[Site "Germany"]
[Date "2008.04.12"]
[Round "8.7"]
[White "Horstmann, Michael"]
[Black "Kaiser, Guenter1111"]
[Result "1-0"]
[WhiteElo "1731"]
[BlackElo "1649"]
[PlyCount "145"]
[EventDate "2007.09.22"]
[EventType "team"]
[EventRounds "9"]
[EventCountry "GER"]
[SourceTitle "EXT 2009"]
[Source "ChessBase"]
[SourceDate "2008.11.26"]
[SourceVersion "1"]
[SourceVersionDate "2008.11.26"]
[SourceQuality "1"]
[WhiteTeam "Emsdetten Rochade"]
[BlackTeam "Ochtrup"]
[WhiteTeamCountry "GER"]
[BlackTeamCountry "GER"]

1. e4 c5 2. Nf3 d6 3. Bb5+ Nd7 4. 0-0 Ngf6 5. Re1 a6 6. Bxd7+ Nxd7 7. d4 cxd4 8. Qxd4 e5 9. Qe3 b5 10. Nc3 Bb7 11. Rd1 Qc7 12. Nd5 Bxd5 13. Rxd5 Qxc2 14. Rd2 Qc6 15. b3 Nf6 16. Re2 Be7 17. Bb2 0-0 18. h3 Rac8 19. Ne1 Qb7 20. Qd3 Rc7 21. Rc1 Rfc8 22. Rxc7 Rxc7 23. f3 Nh5 24. Rc2 Nf4 25. Qd2 Qc8 26. Rxc7 Qxc7 27. Nd3 Nxd3 28. Qxd3 Qc5+ 29. Kf1 Bh4 30. Qe2 f6 31. Qd2 Bg3 32. Qd5+ Qxd5 33. exd5 Kf7 34. Bc3 f5 35. Ke2 Bh4 36. Ba5 Ke7 37. g4 g6 38. Kd3 Bf6 39. Bb6 Kd7 40. Ke3 Bd8 41. Ba7 Ba5 42. Kd3 Kc7 43. Bf2 Bb6 44. Be1 Bc5 45. b4 Bb6 46. Bh4 Kd7 47. Bg5 Bd8 48. Bd2 Bh4 49. Kc3 Ke7 50. Kb3 Kf6 51. Kc2 Bg3 52. Kd3 Bf4 53. Be1 Kg5 54. h4+ Kf6 55. Bf2 e4+ 56. fxe4 fxg4 57. Bd4+ Be5 58. Be3 Bg3 59. Bg5+ Ke5 60. Ke3 Be1 61. Bf4+ Kf6 62. Bxd6 Bxh4 63. e5+ Kf7 64. Kf4 h5 65. Bc5 Bd8 66. e6+ Kf6 67. Bd4+ Ke7 68. Be5 Bb6 69. Kg5 Bf2 70. Kxg6 g3 71. Bf6+ Ke8 72. Bh4 Bb6 73. Bxg3 1-0

[Event "Muensterland-ch"]
[Site "Suedlohn"]
[Date "2007.04.06"]
[Round "2.4"]
[White "Wienen, Hermann"]
[Black "Horstmann, Michael"]
[Result "1-0"]
[WhiteElo "2003"]
[BlackElo "1719"]
[PlyCount "29"]
[EventDate "2007.04.06"]
[EventType "swiss"]
[EventRounds "5"]
[EventCountry "GER"]
[SourceTitle "EXT 2022"]
[Source "ChessBase"]
[SourceDate "2021.10.06"]
[SourceVersion "1"]
[SourceVersionDate "2021.10.06"]
[SourceQuality "1"]

1. e4 d5 2. exd5 Nf6 3. Nf3 Nxd5 4. d4 e6 5. c4 Nf6 6. Bd3 Bd6 7. 0-0 0-0 8. Nc3 c6 9. Ne4 h6 10. Qe2 Bc7 11. Nxf6+ Qxf6 12. Ne5 c5 13. Ng4 Qxd4 14. Rd1 Rd8 15. Bc2 1-0

[Event "Steinfurt Bezirksliga 0607"]
[Site "Germany"]
[Date "2007.02.03"]
[Round "6.1"]
[White "Horstmann, Michael"]
[Black "Hartmann, Viktor"]
[Result "1/2-1/2"]
[WhiteElo "1720"]
[BlackElo "1842"]
[PlyCount "59"]
[EventDate "2006.09.09"]
[EventType "team-tourn"]
[EventRounds "9"]
[EventCountry "GER"]
[SourceTitle "EXT 2008"]
[Source "ChessBase"]
[SourceDate "2007.11.25"]
[SourceVersion "1"]
[SourceVersionDate "2007.11.25"]
[SourceQuality "1"]
[WhiteTeam "Emsdetten Rochade II"]
[BlackTeam "Ibbenbueren II"]
[WhiteTeamCountry "GER"]
[BlackTeamCountry "GER"]

1. e4 c5 2. Nf3 d6 3. Bb5+ Bd7 4. Bxd7+ Nxd7 5. 0-0 Ngf6 6. Re1 Qc7 7. Nc3 g6 8. d4 cxd4 9. Nxd4 a6 10. Bg5 Bg7 11. Bxf6 Nxf6 12. a4 0-0 13. h3 Rac8 14. Qd2 Rfe8 15. a5 e6 16. Re2 Nd7 17. Na4 Rcd8 18. Qb4 Bxd4 19. Qxd4 Qxa5 20. Qxd6 Qb5 21. Ree1 Qc4 22. Nc3 Nc5 23. Qg3 Rd2 24. b3 Qd4 25. Rad1 e5 26. Qf3 Ne6 27. Nd5 Rd8 28. Rxd2 Qxd2 29. Qe2 Qxe2 30. Rxe2 1/2-1/2

[Event "Steinfurt Bezirksliga 0506"]
[Site "Germany"]
[Date "2005.10.29"]
[Round "2.5"]
[White "Merschkoetter, Peter"]
[Black "Horstmann, Michael"]
[Result "0-1"]
[WhiteElo "1587"]
[BlackElo "1726"]
[PlyCount "72"]
[EventDate "2005.09.24"]
[EventType "team-tourn"]
[EventRounds "9"]
[EventCountry "GER"]
[SourceTitle "EXT 2006"]
[Source "ChessBase"]
[SourceDate "2005.11.24"]
[SourceVersion "1"]
[SourceVersionDate "2005.11.24"]
[SourceQuality "1"]
[WhiteTeam "Reckenfeld"]
[BlackTeam "Emsdetten Rochade II"]
[WhiteTeamCountry "GER"]
[BlackTeamCountry "GER"]

1. e4 c5 2. Nf3 d6 3. d4 cxd4 4. Nxd4 Nf6 5. Nc3 g6 6. Bg5 Bg7 7. Be2 Nc6 8. 0-0 0-0 9. Kh1 Bd7 10. h4 Qb6 11. Nb3 Be6 12. h5 Rac8 13. h6 Bh8 14. Nd5 Bxd5 15. exd5 Ne5 16. c3 a5 17. Be3 Qc7 18. f4 Ned7 19. Bd4 a4 20. Nc1 Qa5 21. Bg4 Qb5 22. Bxd7 Qxd7 23. f5 Qb5 24. fxg6 fxg6 25. Ne2 Ne4 26. Qc2 Qxe2 27. Qxe2 Ng3+ 28. Kh2 Nxe2 29. Rxf8+ Rxf8 30. Bxh8 Kxh8 31. Re1 Rf2 32. b3 axb3 33. axb3 Kg8 34. c4 Kf7 35. Ra1 Rf5 36. Ra2 Rh5# 0-1

[Event "Muensterland Verbandsklasse-A 0405"]
[Site "Muensterland"]
[Date "2005.04.23"]
[Round "9.8"]
[White "Reichstein, Michael"]
[Black "Horstmann, Michael"]
[Result "1/2-1/2"]
[WhiteElo "1776"]
[BlackElo "1716"]
[PlyCount "106"]
[EventDate "2004.09.11"]
[EventType "team"]
[EventRounds "9"]
[EventCountry "GER"]
[SourceTitle "EXT 2006"]
[Source "ChessBase"]
[SourceDate "2005.11.24"]
[SourceVersion "1"]
[SourceVersionDate "2005.11.24"]
[SourceQuality "1"]
[WhiteTeam "Sendenhorst"]
[BlackTeam "Emsdetten"]
[WhiteTeamCountry "GER"]
[BlackTeamCountry "GER"]

1. e4 c5 2. Nf3 d6 3. d4 cxd4 4. Nxd4 g6 5. c3 Nf6 6. Bd3 Bg7 7. 0-0 0-0 8. Kh1 Nc6 9. Nxc6 bxc6 10. Nd2 Qc7 11. f4 a5 12. Qe1 Nd7 13. Nf3 Nc5 14. Bc2 Ba6 15. Rg1 Bd3 16. Bxd3 Nxd3 17. Qe3 Nxc1 18. Raxc1 Rab8 19. Rc2 Rb5 20. g4 Rfb8 21. b3 c5 22. f5 a4 23. fxg6 hxg6 24. Nd2 axb3 25. axb3 Qb7 26. h4 d5 27. Rf1 dxe4 28. Kh2 Qc7+ 29. Kh3 c4 30. b4 Rd5 31. Qxe4 Rd3+ 32. Rf3 Qb7 33. Qxb7 Rxb7 34. Kg2 Rbd7 35. Nxc4 Rxf3 36. Kxf3 Rd3+ 37. Ne3 Rxc3 38. Rxc3 Bxc3 39. b5 Be5 40. Ke4 Bb8 41. b6 e6 42. g5 Kf8 43. Ng4 Ke7 44. Nh6 f5+ 45. gxf6+ Kxf6 46. Ng4+ Kg7 47. Ne5 Kh6 48. Nd7 Bd6 49. Nf6 g5 50. h5 g4 51. b7 g3 52. Kf3 Bb8 53. Nd7 Bc7 1/2-1/2

[Event "Muensterland-ch"]
[Site "Emsdetten"]
[Date "2005.03.15"]
[Round "3"]
[White "Horstmann, Michael"]
[Black "Koch, Alexander"]
[Result "1/2-1/2"]
[WhiteElo "1716"]
[BlackElo "2082"]
[PlyCount "85"]
[EventDate "2005.03.06"]
[EventType "tourn"]
[EventRounds "7"]
[EventCountry "GER"]
[SourceTitle "CBM 105 Extra"]
[Source "ChessBase"]
[SourceDate "2005.05.01"]
[SourceVersion "1"]
[SourceVersionDate "2005.05.01"]
[SourceQuality "1"]

1. Nf3 Nf6 2. c4 g6 3. g3 d6 4. Bg2 Bg7 5. 0-0 0-0 6. Nc3 e5 7. d3 Nc6 8. Rb1 a5 9. a3 Re8 10. b4 axb4 11. axb4 e4 12. Ne1 exd3 13. Nxd3 Bf5 14. Bg5 Qc8 15. Bxf6 Bxf6 16. Nd5 Bg7 17. b5 Ne7 18. Ne3 Bh3 19. Qb3 Bxg2 20. Kxg2 Nf5 21. Nxf5 Qxf5 22. e3 h5 23. h4 Ra5 24. Nf4 Qe4+ 25. Kh2 Rea8 26. Qd3 Qxd3 27. Nxd3 Ra3 28. Nb4 R8a4 29. Rfd1 Rc3 30. b6 c5 31. Nc6 Rc2 32. Kg1 Raa2 33. Nd8 Rxf2 34. Nxb7 Rg2+ 35. Kh1 Be5 36. Nxd6 Rxg3 37. Ne4 Rg4 38. Nd2 Rxh4+ 39. Kg1 Rh2 40. b7 Bb8 41. Ne4 Kg7 42. Rd8 Rag2+ 43. Kf1 1/2-1/2

[Event "Muensterland-ch"]
[Site "Emsdetten"]
[Date "2005.03.06"]
[Round "1"]
[White "Hegemann, Eike"]
[Black "Horstmann, Michael"]
[Result "1-0"]
[WhiteElo "1994"]
[BlackElo "1716"]
[PlyCount "57"]
[EventDate "2005.03.06"]
[EventType "tourn"]
[EventRounds "7"]
[EventCountry "GER"]
[SourceTitle "CBM 105 Extra"]
[Source "ChessBase"]
[SourceDate "2005.05.01"]
[SourceVersion "1"]
[SourceVersionDate "2005.05.01"]
[SourceQuality "1"]

1. e4 c5 2. Nf3 d6 3. Bb5+ Nd7 4. d4 Ngf6 5. Nc3 cxd4 6. Qxd4 e5 7. Qd3 h6 8. a4 a6 9. Bc4 Be7 10. 0-0 Qc7 11. Nh4 Nc5 12. Qg3 g5 13. f4 gxh4 14. Qg7 Rf8 15. fxe5 Ncxe4 16. Nxe4 Qb6+ 17. Kh1 Nxe4 18. Bxf7+ Kd8 19. Bf4 d5 20. h3 Qc5 21. b4 Qd4 22. Kh2 Nf2 23. Bxh6 Bd7 24. e6 Bd6+ 25. g3 Bxg3+ 26. Kg1 Nxh3+ 27. Kg2 Nf4+ 28. Rxf4 Bxf4 29. Qxd4 1-0

[Event "Muensterland Verbandsklasse-A 0405"]
[Site "Muensterland"]
[Date "2005.03.05"]
[Round "7.7"]
[White "Horstmann, Michael"]
[Black "Langendijk, Andre"]
[Result "1/2-1/2"]
[WhiteElo "1716"]
[BlackElo "1893"]
[PlyCount "38"]
[EventDate "2004.09.11"]
[EventType "team"]
[EventRounds "9"]
[EventCountry "GER"]
[SourceTitle "EXT 2006"]
[Source "ChessBase"]
[SourceDate "2005.11.24"]
[SourceVersion "1"]
[SourceVersionDate "2005.11.24"]
[SourceQuality "1"]
[WhiteTeam "Emsdetten"]
[BlackTeam "Gronau"]
[WhiteTeamCountry "GER"]
[BlackTeamCountry "GER"]

1. Nf3 c5 2. e4 e6 3. d4 cxd4 4. Nxd4 Nf6 5. Nc3 Bb4 6. Bd3 Nc6 7. Nf3 d5 8. Bd2 dxe4 9. Nxe4 0-0 10. Qe2 Bxd2+ 11. Nfxd2 Nb4 12. Nxf6+ Qxf6 13. Bxh7+ Kxh7 14. Qe4+ Qg6 15. Qxb4 Qxg2 16. Qh4+ Kg8 17. 0-0-0 Qg6 18. Rhg1 Qh7 19. Qg5 f6 1/2-1/2

[Event "Steinfurt Bezirksliga 0405"]
[Site "Germany"]
[Date "2004.09.25"]
[Round "1.1"]
[White "Gaebler, Manfred"]
[Black "Horstmann, Michael"]
[Result "1/2-1/2"]
[WhiteElo "1710"]
[BlackElo "1716"]
[PlyCount "37"]
[EventDate "2004.09.25"]
[EventType "team-tourn"]
[EventRounds "11"]
[EventCountry "GER"]
[SourceTitle "EXT 2006"]
[Source "ChessBase"]
[SourceDate "2005.11.24"]
[SourceVersion "1"]
[SourceVersionDate "2005.11.24"]
[SourceQuality "1"]
[WhiteTeam "Emsdetten Rochade III"]
[BlackTeam "Emsdetten Rochade II"]
[WhiteTeamCountry "GER"]
[BlackTeamCountry "GER"]

1. d4 Nf6 2. Nf3 e6 3. a3 Be7 4. g3 b6 5. Bg2 Bb7 6. c3 h6 7. Nbd2 0-0 8. 0-0 d6 9. Qc2 Nbd7 10. e4 c5 11. Re1 Qc7 12. d5 Rfe8 13. dxe6 fxe6 14. Nh4 Nh7 15. Ng6 Bf6 16. Nf3 Nhf8 17. Nf4 e5 18. Nd5 Bxd5 19. exd5 1/2-1/2

[Event "Muensterland Verbandsklasse-A 0203"]
[Site "Muensterland"]
[Date "2003.05.03"]
[Round "9.4"]
[White "Greive, Burkhard"]
[Black "Horstmann, Michael"]
[Result "1/2-1/2"]
[WhiteElo "1824"]
[BlackElo "1791"]
[PlyCount "59"]
[EventDate "2002.09.28"]
[EventType "team"]
[EventRounds "9"]
[EventCountry "GER"]
[SourceTitle "EXT 2004"]
[Source "ChessBase"]
[SourceDate "2003.11.25"]
[SourceVersion "1"]
[SourceVersionDate "2003.11.25"]
[SourceQuality "1"]
[WhiteTeam "Muenster SK V"]
[BlackTeam "Emsdetten Rochade"]
[WhiteTeamCountry "GER"]
[BlackTeamCountry "GER"]

1. d4 Nf6 2. Nf3 g6 3. g3 d5 4. Bg2 Bg7 5. 0-0 0-0 6. b3 Bf5 7. Bb2 Nbd7 8. Nbd2 c6 9. c4 Nb6 10. Rc1 Rc8 11. Nh4 Be6 12. Re1 Bh6 13. e3 Qd7 14. f4 Bg4 15. Qc2 Bg7 16. Ndf3 Bf5 17. Nxf5 Qxf5 18. Qe2 dxc4 19. bxc4 Qa5 20. Ba1 e6 21. Ne5 Rfd8 22. Bc3 Qa6 23. Bb4 Bf8 24. Bxf8 Rxf8 25. Nd3 Nbd7 26. c5 Qa5 27. Rb1 Rb8 28. Ne5 Nxe5 29. fxe5 Nd5 30. Bxd5 1/2-1/2

[Event "Muensterland Verbandsklasse-A 0203"]
[Site "Muensterland"]
[Date "2003.02.15"]
[Round "6.3"]
[White "Melchers, Damian"]
[Black "Horstmann, Michael"]
[Result "1-0"]
[WhiteElo "1884"]
[BlackElo "1791"]
[PlyCount "79"]
[EventDate "2002.09.28"]
[EventType "team"]
[EventRounds "9"]
[EventCountry "GER"]
[SourceTitle "EXT 2004"]
[Source "ChessBase"]
[SourceDate "2003.11.25"]
[SourceVersion "1"]
[SourceVersionDate "2003.11.25"]
[SourceQuality "1"]
[WhiteTeam "Muenster SK III"]
[BlackTeam "Emsdetten Rochade"]
[WhiteTeamCountry "GER"]
[BlackTeamCountry "GER"]

1. e4 c5 2. Nf3 Nc6 3. d4 cxd4 4. Nxd4 d6 5. Nc3 Nf6 6. Be2 g6 7. Be3 Bg7 8. f3 a6 9. Qd2 0-0 10. g4 Bd7 11. h4 h5 12. gxh5 Nxh5 13. 0-0-0 Rc8 14. Nxc6 Rxc6 15. f4 Qa5 16. Bxh5 Qxh5 17. Nd5 Re8 18. Rde1 Be6 19. f5 Bxd5 20. exd5 Rc4 21. fxg6 Rec8 22. gxf7+ Kxf7 23. c3 Bf6 24. Ref1 Rxh4 25. Rxh4 Qxh4 26. Bg5 Qc4 27. Qf2 Rf8 28. Bxf6 Ke8 29. Qe1 Rf7 30. b3 Qd3 31. Rf2 Qg3 32. Bd4 Rxf2 33. Qxf2 Qg5+ 34. Qe3 Qxd5 35. Bf6 Qh1+ 36. Kb2 Qh2+ 37. Ka3 Qh7 38. Bg5 Qf7 39. Qb6 Qf3 40. Qc7 1-0

[Event "Muensterland Verbandsklasse-A 0203"]
[Site "Muensterland"]
[Date "2002.09.28"]
[Round "1.4"]
[White "Horstmann, Michael"]
[Black "Fremann, Rainer"]
[Result "1-0"]
[WhiteElo "1791"]
[BlackElo "1481"]
[PlyCount "71"]
[EventDate "2002.09.28"]
[EventType "team"]
[EventRounds "9"]
[EventCountry "GER"]
[SourceTitle "EXT 2004"]
[Source "ChessBase"]
[SourceDate "2003.11.25"]
[SourceVersion "1"]
[SourceVersionDate "2003.11.25"]
[SourceQuality "1"]
[WhiteTeam "Emsdetten Rochade"]
[BlackTeam "Ochtrup"]
[WhiteTeamCountry "GER"]
[BlackTeamCountry "GER"]

1. c4 e5 2. Nc3 Nc6 3. Nf3 Nf6 4. g3 d6 5. Bg2 Bg4 6. d3 h6 7. 0-0 Be7 8. h3 Bh5 9. Be3 Qd7 10. Rb1 a5 11. a3 d5 12. cxd5 Nxd5 13. Nxd5 Qxd5 14. Nd4 Qd7 15. Nxc6 bxc6 16. Rc1 Ra6 17. Rc4 0-0 18. Qd2 Qe6 19. Rfc1 Rb8 20. Rxc6 Rxc6 21. Rxc6 Bd6 22. Rc4 Bg6 23. Kh2 f5 24. Ba7 Rf8 25. Qxa5 e4 26. Rc6 Qa2 27. Bd4 Kh7 28. Qc3 Rf7 29. Be5 Bxe5 30. Qxe5 exd3 31. exd3 Qb3 32. Qc3 Qb5 33. Rc5 Qb6 34. a4 Re7 35. a5 Qa7 36. b4 1-0